Network security tools / (Record no. 187659)

MARC details
000 -LEADER
fixed length control field 00711nam a2200217Ia 4500
005 - DATE AND TIME OF LATEST TRANSACTION
control field 20251031154259.0
008 - FIXED-LENGTH DATA ELEMENTS--GENERAL INFORMATION
fixed length control field 210716s2005 xx 000 0 und d
020 ## - INTERNATIONAL STANDARD BOOK NUMBER
International Standard Book Number 8173668396
040 ## - CATALOGING SOURCE
Transcribing agency AIMIT LIBRARY
041 ## - LANGUAGE CODE
Language code of text/sound track or separate title eng
082 ## - DEWEY DECIMAL CLASSIFICATION NUMBER
Classification number 005.8
Edition number 1
Item number DHAN
100 ## - MAIN ENTRY--PERSONAL NAME
Personal name Dhanjani, Nitesh.
9 (RLIN) 243404
245 ## - TITLE STATEMENT
Title Network security tools /
Statement of responsibility, etc. By Nitesh Dhanjani and Justin Clarke.
250 ## - EDITION STATEMENT
Edition statement 1st ed.
260 ## - PUBLICATION, DISTRIBUTION, ETC.
Place of publication, distribution, etc. Mumbai :
Name of publisher, distributor, etc. Shroff Publishers and Distributors Pvt Ltd ,
Date of publication, distribution, etc. 2005.
300 ## - PHYSICAL DESCRIPTION
Extent xiii,324p. ;
Other physical details PB
Dimensions 23.8 cm
650 ## - SUBJECT ADDED ENTRY--TOPICAL TERM
Topical term or geographic name entry element Modifying and hacking security tools
9 (RLIN) 243405
650 ## - SUBJECT ADDED ENTRY--TOPICAL TERM
Topical term or geographic name entry element Writing network security tools
9 (RLIN) 243406
700 ## - ADDED ENTRY--PERSONAL NAME
Personal name Clarke, Justin.
9 (RLIN) 243407
942 ## - ADDED ENTRY ELEMENTS (KOHA)
Source of classification or shelving scheme Dewey Decimal Classification
Koha item type Book
Edition 1st
Call number prefix 005.8 DHAN
Holdings
Withdrawn status Lost status Source of classification or shelving scheme Damaged status Not for loan Collection code Home library Current library Source of acquisition Cost, normal purchase price Inventory number Total Checkouts Full call number Barcode Date last seen Cost, replacement price Price effective from Koha item type
    Dewey Decimal Classification     MCA St Aloysius Institute of Management & Information Technology St Aloysius Institute of Management & Information Technology Knowledge World 350.00 Bill no:653; Bill dt:2006-09-30   005.8 DHAN MCA07167 05/23/2026 280.00 07/16/2021 Book
    Dewey Decimal Classification     MCA St Aloysius Institute of Management & Information Technology St Aloysius Institute of Management & Information Technology Athulya Books 350.00 Bill no:ABK173; Bill dt:2009-07-   005.8 DHAN MCA09235 05/23/2026 273.00 07/16/2021 Book